000 00369nam a22001337a 4500
020 _a9781574446562
082 _222
_a621.31042087
100 _aGill, Paul.
245 _aElectrical power equiment msintensnce and testing /
250 _a2 nd.
260 _aNew York,
_bTaylor and Francis Group,
_cc2009.
300 _axxxviii,961 p. ;
_bill. ;
_c24 cm.
942 _2ddc
_cEE
999 _c3480
_d3480